00392nam a2200133Ia 4500020001800000082002000018100002700038245004600065260004500111300001200156504003600168650003100204650002300235 a9780195693355 a304.85484 LEO-L aLeonard, Karen Isaksen 0aLocating home: India's Hyderabadis abroad aNew DelhibOxford University Pressc2007 axi, 402 aincludes bibliography and index aEmigration and immigration aCulturezHyderabad